Svetová banka ovplyvňuje hospodárstvo na celom svete Príloha Hospodárskych novín

Založenie Medzinárodnej banky pre obnovu a rozvoj - Svetovej banky (SB) na menovej a finančnej konferencii OSN v Bretton Woodse r. 1944. Charakteristika SB a troch jej organizácií: IFC, IDA, MIGA. Zdroje a činnosť banky. Peniaze a moc. Organizačná štruktúra.

Saved in:
Bibliographic Details
Main Author: Guniš, R.
Format: Book Chapter
Language:Slovak
Subjects:
Tags: Add Tag
No Tags, Be the first to tag this record!

MARC

LEADER 00000naa a2200000 4500
001 r027055
005 20230824091343.3
041 0 |a slo 
044 |a SK 
245 1 0 |a Svetová banka ovplyvňuje hospodárstvo na celom svete  |b Príloha Hospodárskych novín  |c R. Guniš 
520 |a Založenie Medzinárodnej banky pre obnovu a rozvoj - Svetovej banky (SB) na menovej a finančnej konferencii OSN v Bretton Woodse r. 1944. Charakteristika SB a troch jej organizácií: IFC, IDA, MIGA. Zdroje a činnosť banky. Peniaze a moc. Organizačná štruktúra. 
610 2 0 |a Svetová banka 
610 2 0 |a 1944-1997 
610 2 0 |a financie medzinárodné 
610 2 0 |a IFC 
610 2 0 |a IDA 
610 2 0 |a MIGA 
610 2 0 |a banky medzinárodné 
100 1 |a Guniš, R.